[Event "AUTO-OPEN-112"]
[Site "http://www.queenalice.com/game.php?id=20705"]
[Date "2005.7.21"]
[Round "1"]
[White "poptim"]
[Black "happi_96"]
[Result "0-1"]
[WhiteElo "1245"]
[BlackElo "1477"]

1. e4 d5 2. exd5 Qxd5 3. b3 Bf5 4. Nc3 Qa5 5. Nf3 Nf6 6. b4 Qb6 7. Bc4 e6 8. O-O
Bxb4 9. Bb2 O-O 10. a4 Nc6 11. h4 Rad8 12. d4 Nxd4 13. Nxd4 Rxd4 14. Qc1 Qc6 15.
Re1 Rg4 0-1

[Event "AUTO-OPEN-112"]
[Site "http://www.queenalice.com/game.php?id=20706"]
[Date "2005.7.21"]
[Round "1"]
[White "happi_96"]
[Black "poptim"]
[Result "1-0"]
[WhiteElo "1446"]
[BlackElo "1263"]

1. d4 d5 2. Nf3 Bf5 3. Bf4 Nc6 4. e3 Nf6 5. Bd3 Bxd3 6. Qxd3 Nh5 7. Nbd2 e6 8.
Be5 f6 9. Bf4 Bc5 10. O-O O-O 11. Rae1 g6 12. h3 g5 13. Bh2 a5 14. Nb3 e5 15.
Re2 1-0

[Event "AUTO-OPEN-112"]
[Site "http://www.queenalice.com/game.php?id=20734"]
[Date "2005.7.21"]
[Round "1"]
[White "Gandwynn"]
[Black "happi_96"]
[Result "1-0"]
[WhiteElo "1683"]
[BlackElo "1498"]

1. e4 d5 2. exd5 Qxd5 3. Nc3 Qa5 4. d4 Nc6 5. Nf3 Nf6 6. Bd2 e6 7. Nb5 Qb6 8.
Be3 Qa5+ 9. Nc3 Ne4 10. Bd2 Nxd2 11. Qxd2 Bb4 12. a3 Bd6 13. Bb5 Bd7 14. O-O O-O
15. Bd3 e5 16. dxe5 Bxe5 17. Nxe5 Nxe5 18. Rfe1 Rae8 19. Be4 Nc4 20. Qxd7 Nxb2
21. Bxh7+ Kxh7 22. Rxe8 Rxe8 23. Qxe8 Qxc3 24. Re1 Qxc2 25. Qe4+ Qxe4 26. Rxe4
c5 27. Re7 f6 28. Rxb7 c4 29. Rxa7 1-0

[Event "Challenge"]
[Site "http://www.queenalice.com/game.php?id=21202"]
[Date "2005.7.24"]
[Round "-"]
[White "zechariahsl"]
[Black "happi_96"]
[Result "1-0"]
[WhiteElo "1576"]
[BlackElo "1500"]

1. e4 e5 2. Nf3 Nc6 3. Bc4 Bc5 4. c3 Nf6 5. d4 exd4 6. cxd4 Bb6 7. Ng5 O-O 8.
Be3 Qe8 9. e5 Nxe5 10. dxe5 Qxe5 11. Nf3 Qxb2 12. Bd4 Bxd4 13. Qxd4 Qc1+ 14. Qd1
Qxc4 15. Qd4 Qe6+ 16. Kd2 b6 17. Qd3 Ne4+ 18. Kc2 Nxf2 19. Ng5 Qc6+ 20. Qc3 Nxh1
21. Kb2 Qxg2+ 22. Qd2 Qxd2+ 23. Nxd2 Bb7 24. Rg1 Rae8 25. Rg4 Re2 26. Kc3 Nf2
27. Rg2 Bxg2 28. Nc4 Ne4+ 29. Nxe4 1-0

[Event "Let's Play Chess!"]
[Site "http://www.queenalice.com/game.php?id=21248"]
[Date "2005.7.25"]
[Round "-"]
[White "happi_96"]
[Black "OharaLiChung"]
[Result "0-1"]
[WhiteElo "1410"]
[BlackElo "1255"]

1. d4 g6 2. Nf3 Bh6 3. e3 d6 4. Bd3 Bf5 5. Nbd2 Bxe3 6. fxe3 Bxd3 7. cxd3 Nf6 8.
Ne4 Nxe4 9. dxe4 e6 10. d5 e5 11. O-O Rg8 12. Qe1 c5 13. Qg3 c4 14. Nd2 b5 15.
b3 c3 16. Nf3 Nd7 17. Ba3 Nf6 18. Qh4 Qe7 19. Rac1 Rc8 20. Bb4 c2 0-1

[Event "AUTO-OPEN-119"]
[Site "http://www.queenalice.com/game.php?id=22256"]
[Date "2005.8.1"]
[Round "1"]
[White "jmsteinfeld"]
[Black "happi_96"]
[Result "1-0"]
[WhiteElo "1736"]
[BlackElo "1460"]

1. e4 e5 2. Bc4 Nf6 3. d3 Bc5 4. Nf3 O-O 5. Bg5 d6 6. Nc3 Bg4 7. h3 Bxf3 8. Qxf3
Nbd7 9. Nd5 c6 10. Nxf6+ Nxf6 11. O-O d5 12. exd5 cxd5 13. Bb3 Be7 14. Bxf6 Bxf6
15. Bxd5 Qc7 16. c3 Rae8 17. Bxb7 e4 18. Bxe4 Qe5 19. Rfe1 Qg5 20. d4 1-0

[Event "AUTO-OPEN-119"]
[Site "http://www.queenalice.com/game.php?id=22257"]
[Date "2005.8.1"]
[Round "1"]
[White "happi_96"]
[Black "jmsteinfeld"]
[Result "0-1"]
[WhiteElo "1474"]
[BlackElo "1730"]

1. d4 d5 2. Nf3 Nf6 3. Bf4 Bg4 4. Nc3 a6 5. h3 Bxf3 6. exf3 e6 7. Bd3 Bb4 8. O-O
Nc6 9. a3 Bxc3 10. bxc3 O-O 11. Be5 Nxe5 12. dxe5 Nd7 13. Qd2 Nxe5 14. Rfe1 Nc4
15. Bxc4 dxc4 16. Qf4 Qd6 17. Qd4 b5 18. Rad1 Qxa3 19. Re3 Qe7 0-1

[Event "AUTO-OPEN-119"]
[Site "http://www.queenalice.com/game.php?id=22282"]
[Date "2005.8.1"]
[Round "1"]
[White "jcm"]
[Black "happi_96"]
[Result "1-0"]
[WhiteElo "1601"]
[BlackElo "1427"]

1. d4 d5 2. c4 e6 3. Nf3 Nc6 4. Nc3 Nf6 5. Bg5 Be7 6. Bd2 O-O 7. e3 Bb4 8. Bd3
b6 9. cxd5 exd5 10. O-O Bg4 11. Re1 Re8 12. h3 Bh5 13. Be2 Qd7 14. a3 Bd6 15.
Bd3 Na5 16. Bb5 c6 17. Be2 Ne4 18. Bd3 c5 19. dxc5 bxc5 20. Nxe4 1-0

[Event "AUTO-OPEN-119"]
[Site "http://www.queenalice.com/game.php?id=22283"]
[Date "2005.8.1"]
[Round "1"]
[White "happi_96"]
[Black "jcm"]
[Result "0-1"]
[WhiteElo "1448"]
[BlackElo "1591"]

1. d4 d5 2. Nf3 e6 3. Bf4 Nf6 4. e3 c5 5. c3 Nc6 6. Nbd2 Be7 7. Bd3 O-O 8. O-O
Re8 9. Ne5 Nxe5 10. dxe5 Nd7 11. Qh5 g6 12. Qh6 Bf8 13. Qh3 Qc7 14. Nf3 Bg7 15.
Qg3 b6 16. Be2 Bb7 17. Qh3 Qd8 18. Bg5 Qc7 19. Rad1 Nxe5 0-1

[Event "AUTO-OPEN-119"]
[Site "http://www.queenalice.com/game.php?id=22298"]
[Date "2005.8.1"]
[Round "1"]
[White "dalacort"]
[Black "happi_96"]
[Result "1-0"]
[WhiteElo "1347"]
[BlackElo "1341"]

1. e4 e5 2. Bc4 Nf6 3. Nf3 d5 4. exd5 Nxd5 5. Nxe5 Be6 6. Qf3 Nd7 7. d4 Bd6 8.
Nxd7 Qxd7 9. Qe4 Nf6 10. Qxb7 O-O 11. Nc3 Bxc4 12. b3 Be6 13. g3 Rab8 14. Qxa7
c5 15. dxc5 Qxa7 16. Be3 1-0

[Event "AUTO-OPEN-119"]
[Site "http://www.queenalice.com/game.php?id=22299"]
[Date "2005.8.1"]
[Round "1"]
[White "happi_96"]
[Black "dalacort"]
[Result "0-1"]
[WhiteElo "1370"]
[BlackElo "1329"]

1. d4 d5 2. Nf3 c6 3. Bf4 Nd7 4. e3 e6 5. Bd3 Ngf6 6. O-O h6 7. Nbd2 Bb4 8. c3
Be7 9. h3 a6 10. b4 g5 11. Be5 Nb6 12. Qc2 Nbd7 13. a3 b5 14. Rae1 O-O 15. e4
Nxe5 0-1